000 00233nam a2200109 4500
003 OSt
008 231115b |||||||| |||| 00| 0 eng d
041 _amal
100 _aUnnayi Warrier
_95661
245 _aNalacharitham /
942 _cBK
999 _c17911
_d17911